Welcome to CU Library Online Public Access Catalogue (OPAC)

The Cambridge companion to the Bible / (Record no. 9334)

MARC details
000 -LEADER
fixed length control field 00798cam a2200205 a 4500
001 - CONTROL NUMBER
control field 1636766
005 - DATE AND TIME OF LATEST TRANSACTION
control field 20260421100845.0
008 - FIXED-LENGTH DATA ELEMENTS--GENERAL INFORMATION
fixed length control field 960916s1997 enkabf b 001 0deng
020 ## - INTERNATIONAL STANDARD BOOK NUMBER
International Standard Book Number 0521343690
Qualifying information hardback
020 ## - INTERNATIONAL STANDARD BOOK NUMBER
International Standard Book Number 9780521343695
Qualifying information (hardback)
050 00 - LIBRARY OF CONGRESS CALL NUMBER
Classification number BS475.2
Item number .C26 1997
082 00 - DEWEY DECIMAL CLASSIFICATION NUMBER
Classification number 220.9
Edition information 20
245 04 - TITLE STATEMENT
Title The Cambridge companion to the Bible /
Statement of responsibility, etc. Howard Clark Kee ... [et al.].
260 ## - PUBLICATION, DISTRIBUTION, ETC.
Place of publication, distribution, etc. Cambridge ;
-- New York :
Name of publisher, distributor, etc. Cambridge University Press,
Date of publication, distribution, etc. 1997.
300 ## - PHYSICAL DESCRIPTION
Extent vi, 616 p., [16] p. of plates :
Other physical details ill. (some col.), maps (some col.) ;
Dimensions 26 cm.
700 1# - ADDED ENTRY--PERSONAL NAME
Personal name Kee, Howard Clark.
856 41 - ELECTRONIC LOCATION AND ACCESS
Materials specified Table of contents
Uniform Resource Identifier <a href="http://www.loc.gov/catdir/toc/cam023/96043914.html">http://www.loc.gov/catdir/toc/cam023/96043914.html</a>
856 42 - ELECTRONIC LOCATION AND ACCESS
Materials specified Publisher description
Uniform Resource Identifier <a href="http://www.loc.gov/catdir/description/cam028/96043914.html">http://www.loc.gov/catdir/description/cam028/96043914.html</a>
942 ## - ADDED ENTRY ELEMENTS (KOHA)
Source of classification or shelving scheme Library of Congress Classification
Koha item type Books
Suppress in OPAC No
999 ## -
-- 9334
-- 9334
Holdings
Withdrawn status Lost status Source of classification or shelving scheme Damaged status Not for loan Home library Current library Shelving location Date acquired Total checkouts Full call number Barcode Date last seen Price effective from Koha item type
    Library of Congress Classification     Main Library (Kumasi) Main Library (Kumasi) General stacks 04/21/2026   BS475.2 CAM bssk00000065 04/21/2026 04/21/2026 Books
© 2023-2024 Copyright: Central University Libraries. All Rights Reserved | Created by: Mahone Tech Office